000 00578nam a2200169Ia 4500
008 090201s9999 xx 000 0 und d
010 _aKPL-57429
040 _bमराठी
041 _aमराठी
082 _a10262
_b57429
100 _aसेतुमाधवराव पगडी
245 _aतन्वी श्यामा
_cसेतुमाधवराव पगडी
260 _c2004
_bपरचुरे प्रकाशन मंदिर
300 _a168
_bमोठा
600 _aतन्वी श्यामा
942 _cBOOK
999 _c210728
_d210728